| 000 | 00660nam a22001937a 4500 | ||
|---|---|---|---|
| 003 | AM-YeHGA | ||
| 005 | 20250617153840.0 | ||
| 008 | 180212s xxu||||| |||| 00| 0 rus d | ||
| 040 | _aAM-YeHGA | ||
| 041 | 0 | _arus | |
| 245 | 0 | 0 |
_aАтлас Калининской области / _cОтв. ред. А.В. Гавеман. |
| 260 |
_aМосква : _bГУГК, _c1964. |
||
| 300 |
_a34 с. : _bил. |
||
| 653 | 0 | _aКомплексный атлас | |
| 653 | 0 | _aКартографические произведения - Комплексные атласы | |
| 700 | 1 |
_aГавеман, А.В. _eред. _4edt |
|
| 942 |
_2udc _cBK |
||
| 090 | _c401594 | ||
| 999 |
_c399437 _d399437 |
||